Dr. A.Q.Khan and the Islamic bomb / (Record no. 187397)
[ view plain ]
| 000 -LEADER | |
|---|---|
| fixed length control field | 01145 a2200181 4500 |
| 003 - CONTROL NUMBER IDENTIFIER | |
| control field | Nust |
| 005 - DATE AND TIME OF LATEST TRANSACTION | |
| control field | 20230202132726.0 |
| 040 ## - CATALOGING SOURCE | |
| Transcribing agency | Nust |
| 082 ## - DEWEY DECIMAL CLASSIFICATION NUMBER | |
| Classification number | 925.397,MAL |
| 100 ## - MAIN ENTRY--PERSONAL NAME | |
| Personal name | Malik, Zahid |
| 9 (RLIN) | 104574 |
| 245 ## - TITLE STATEMENT | |
| Title | Dr. A.Q.Khan and the Islamic bomb / |
| Statement of responsibility, etc. | Zahid Malik, |
| 260 ## - PUBLICATION, DISTRIBUTION, ETC. | |
| Place of publication, distribution, etc. | Hurmat Publication Ltd |
| Name of publisher, distributor, etc. | Islamabad |
| Date of publication, distribution, etc. | 1992 |
| 300 ## - PHYSICAL DESCRIPTION | |
| Extent | iv, 353 p |
| Other physical details | illus |
| Dimensions | digars |
| Accompanying material | 24 cm |
| 505 ## - FORMATTED CONTENTS NOTE | |
| Formatted contents note | Overview (Page-1), The Ma From Nowhere (Page-14), Family Background (Page-18), Childhood And Basic Education (Page-38), Migration To Pakistan (Page-44), Employment I Europe (Page-52), Meeting With Mr. Bhutto (Page-58), Kahuta Plant (Page-64), The Story Of The Miracle (Page-73), A Decade Of Munir Atom Bomb (Page-90), Pakistan Energy Commission (Page-100), The Nuclear Program (Page-121), American Policy (Page-138),The Reprocessing Plant (Page-160),Trial Of Holland (Page-183), Clemency Appeal For Mr. Bhutto (Page-204), Kuldip Nayar (Page-227), Pakistan Nuclear (Page-231), Options For Pakistan (Page-248), Interview (Page-258),Tribute (Page-264). |
| 600 ## - SUBJECT ADDED ENTRY--PERSONAL NAME | |
| Personal name | Malik, Zahid |
| 9 (RLIN) | 104574 |
| 650 ## - SUBJECT ADDED ENTRY--TOPICAL TERM | |
| Topical term or geographic name entry element | Scienth Bigoraphy |
| 9 (RLIN) | 108511 |
| 942 ## - ADDED ENTRY ELEMENTS (KOHA) | |
| Source of classification or shelving scheme | |
| Koha item type | Book |
| Call number prefix | 925.397,MAL |
| Withdrawn status | Lost status | Source of classification or shelving scheme | Damaged status | Not for loan | Collection code | Permanent Location | Current Location | Date acquired | Total Checkouts | Full call number | Barcode | Date last seen | Date last checked out | Price effective from | Koha item type |
|---|---|---|---|---|---|---|---|---|---|---|---|---|---|---|---|
| Military College of Signals (MCS) | Military College of Signals (MCS) | 12/12/2016 | 1 | 925.397 MAL | MCS1993 | 12/20/2023 | 11/21/2023 | 12/12/2016 | Book |
